书目信息 |
| 题名: |
万叶集选:日本古代诗歌集
|
|
| 作者: | 李芒选 译注 | |
| 分册: | ||
| 出版信息: | 北京 人民文学出版社 1998.10 |
|
| 页数: | 349页 | |
| 开本: | 32开 | |
| 丛书名: | ||
| 单 册: | ||
| 中图分类: | I313.2 | |
| 科图分类: | ||
| 主题词: | 文学 | |
| 电子资源: | ||
| ISBN: | 7-02-002378-9 | |
| 000 | 00566nam0 2200193 45 | |
| 001 | 0009272038 | |
| 005 | 20000927200507.5 | |
| 010 | @a7-02-002378-9@d11.40元 | |
| 100 | @a20000927d1998 km y0chiy0120 ea | |
| 101 | 0 | @achi |
| 105 | @a z 000yy | |
| 200 | 1 | @a万叶集选:日本古代诗歌集@AWan Ye Ji Xuan:Ri Ben Gu Dai Shi Ge Ji@f李芒选译注@FLi Mang Xuan Yi Zhu |
| 210 | @a北京@c人民文学出版社@d1998.10 | |
| 215 | @a349页@d32开 | |
| 606 | 0 | @a文学 |
| 690 | @aI313.2@v3 | |
| 701 | 0 | @a李芒选@4译注 |
| 801 | @aCN@bPftUser@c20000927 | |
| 905 | @b157216-220@dI313.2@eL.246@f5 | |
| 万叶集选:日本古代诗歌集/李芒选译注.-北京:人民文学出版社,1998.10 |
| 349页;32开 |
| ISBN 7-02-002378-9:11.40元 |
| ● |
| 相关链接 |
|
|
|
正题名:万叶集选:日本古代诗歌集
索取号:I313.2/L.246
 
预约/预借
| 序号 | 登录号 | 条形码 | 馆藏地/架位号 | 状态 | 备注 |
| 1 | 157216 | 201572164 | 社科二线400B/400B社科库 26排2列1层/ [索取号:I313.2/L.246] | 在馆 | |
| 2 | 157217 | 201572173 | 社科二线400B/116文学库 14排1列2层/ [索取号:I313.2/L.246] | 在馆 | |
| 3 | 157218 | 201572182 | 文学库116/116文学库 14排1列2层/ [索取号:I313.2/L.246] | 在馆 | |
| 4 | 157219 | 201572191 | 社科二线422/422社科库 26排22列4层/ [索取号:I313.2/L.246] | 在馆 | |
| 5 | 157220 | 201572208 | 文学库116/116文学库 14排1列2层/ [索取号:I313.2/L.246] | 在馆 |